Esettanulmány éttermek és helyi termelők közötti kapcsolatról egy fővárosi, egy kisvárosi és egy kistelepülési étterem összehasonlításával
| Szerző: | |
|---|---|
| További közreműködők: | |
| Dokumentumtípus: | Diplomadolgozat |
| Kulcsszavak: | ellátási lánc - ellátó hálózat étterem fenntarthatóság gazdaság helyi termék kistermelők |
| Online Access: | http://dolgozattar.uni-bge.hu/60241 |
MARC
| LEADER | 00000nta a2200000 i 4500 | ||
|---|---|---|---|
| 001 | dolg60241 | ||
| 005 | 20260409150200.0 | ||
| 008 | 260409suuuu hu om 000 hun d | ||
| 040 | |a BGE Dolgozattár Repozitórium |b hun | ||
| 041 | |a hu | ||
| 100 | 1 | |a Kalmár Boglárka Melinda | |
| 245 | 1 | 0 | |a Esettanulmány éttermek és helyi termelők közötti kapcsolatról egy fővárosi, egy kisvárosi és egy kistelepülési étterem összehasonlításával |c Kalmár Boglárka Melinda |h [elektronikus dokumentum] |
| 520 | 3 | |a A termőföldtől az asztalig – avagy az éttermek és a helyi termelők kapcsolata fő témakört választottam, amelyet leszűkítettem egy esettanulmány kidolgozására. Ezáltal összehasonlítottam egy fővárosi, egy kisvárosi, illetve egy kistelepülési étterem beszerzési stratégiáját, helyi termelőkkel folytatott kapcsolatát.Mindezt három konyhafőnök meginterjúvolásával és egy kérdőívvel a fogyasztók felé tettem meg. Dolgozatomban kitérek többek között a két fél kapcsolatának fontosságára, mind fenntarthatósági, mind gazdasági szempontból. Illetve a séfek és a mindennapi vásárlók adta válaszok alapján bemutatok egy képet az ő szemszögükből láthatóan. | |
| 695 | |a ellátási lánc - ellátó hálózat | ||
| 695 | |a étterem | ||
| 695 | |a fenntarthatóság | ||
| 695 | |a gazdaság | ||
| 695 | |a helyi termék | ||
| 695 | |a kistermelők | ||
| 700 | 1 | |a Hidvégi Hedvig |e ths | |
| 856 | 4 | 0 | |u http://dolgozattar.uni-bge.hu/60241/1/Szakdolgozat_Kalm%C3%A1r%20Bogl%C3%A1rka%20Melinda.pdf |z Dokumentum-elérés |
| 856 | 4 | 0 | |u http://dolgozattar.uni-bge.hu/60241/2/SQAPWD%20Kalm%C3%A1r%20Bogl%C3%A1rka%20Melinda.pdf |z Dokumentum-elérés |
| 856 | 4 | 0 | |u http://dolgozattar.uni-bge.hu/60241/3/Szakdolgozat%20%C3%A9rt%C3%A9kel%C5%91%20Bsc_Kalm%C3%A1r%20Bogl%C3%A1rka.pdf |z Dokumentum-elérés |